Solicitor's negligence (Record no. 63153)

MARC details
000 -LEADER
fixed length control field 01117cam a2200229 4500
001 - CONTROL NUMBER
control field WB3615-28
008 - FIXED-LENGTH DATA ELEMENTS--GENERAL INFORMATION
fixed length control field 000000n2000 000 0 eng u
035 ## - SYSTEM CONTROL NUMBER
System control number (Sirsi) u105350
245 ## - TITLE STATEMENT
Title Solicitor's negligence
260 ## - PUBLICATION, DISTRIBUTION, ETC.
Date of publication, distribution, etc. 2000
490 ## - SERIES STATEMENT
Series statement Estates Gazette Case Summaries
Volume/sequential designation [2000] EGCS 48 (2) (8/04/2000)
520 ## - SUMMARY, ETC.
Summary, etc. ChD 30 March 2000. "Cottingham and another v Attey Bower and Jones". Issue revolved around liability and measure of damages. In 1993 the claimants bought an old house renovated by vendors without obtaining building regulation approval. It was assumed by the claimants that such approval had been obtained. Argued whether defendant liable for cost of remedying all defects. Held, claimants had established liability, but could only recover £8,203, rather than the original claim of £40,279.
590 ## - LOCAL NOTE (RLIN)
Local note WB
650 ## - SUBJECT ADDED ENTRY--TOPICAL TERM
Topical term or geographic name entry element LIABILITY
650 ## - SUBJECT ADDED ENTRY--TOPICAL TERM
Topical term or geographic name entry element MEASURE OF DAMAGES
650 ## - SUBJECT ADDED ENTRY--TOPICAL TERM
Topical term or geographic name entry element COTTINGHAM AND ANOTHER V ATTEY BOWER AND JONES
650 ## - SUBJECT ADDED ENTRY--TOPICAL TERM
Topical term or geographic name entry element NEGLIGENCE
650 ## - SUBJECT ADDED ENTRY--TOPICAL TERM
Topical term or geographic name entry element PRELIMINARY INQUIRIES
650 ## - SUBJECT ADDED ENTRY--TOPICAL TERM
Topical term or geographic name entry element BUILDING DEFECTS
690 ## - LOCAL SUBJECT ADDED ENTRY--TOPICAL TERM (OCLC, RLIN)
Topical term or geographic name as entry element PROFESSIONAL PRACTICE-NEGLIGENCE
942 ## - ADDED ENTRY ELEMENTS (KOHA)
Suppress in OPAC 0
Holdings
Withdrawn status Lost status Source of classification or shelving scheme Damaged status Not for loan Home library Current library Shelving location Date acquired Total Checkouts Full call number Barcode Date last seen Copy number Price effective from Koha item type
    Dewey Decimal Classification     London London News article 13/04/2000   WB3615-28 105350-1001 06/08/2019 1 06/08/2019 News article